000 00492nam a2200181Ia 4500
008 240925s9999 xx 000 0 und d
020 _a9788126552344
082 _a337 SAL
100 _aSalvatore, Dominick.
245 0 _aInternational Economics: Trade and finance
250 _a11th
260 _aNew Delhi:
_bJohn Wiley and Sons
_c,2014.
300 _aVarious pages
_b0
_fOriginal
500 _aIncludes Index
600 _aSocial Sciences
650 _aSocial Sciences
942 _cBK
999 _c15427
_d15427